| 000 | 00906cam a22002773a 4500 | ||
|---|---|---|---|
| 001 | 16880 | ||
| 003 | PGUSA | ||
| 005 | 20140828083347.0 | ||
| 008 | 051016s2005||||xxu|||||s|||||000 p eng d | ||
| 040 |
_aPGUSA _beng |
||
| 042 | _adc | ||
| 050 | 4 | _aPA | |
| 050 | 4 | _aPN | |
| 100 | 1 |
_aAristotle, _d-384--322 |
|
| 245 | 1 | 0 |
_aÜber die Dichtkunst beim Aristoteles : _bNeu übersetzt und mit Einleitung und einem erklärenden Namen- und Sachverzeichnis versehen von Alfred Gudemann 1921 _h[electronic resource] / _cAristotle |
| 260 |
_bProject Gutenberg, _c2005 |
||
| 506 | _aPublic domain in the USA. | ||
| 516 | _aElectronic text | ||
| 653 | _aClassical literature | ||
| 653 | _aAristotle, 384 BC-322 BC | ||
| 653 | _aPoetry -- Early works to 1800 | ||
| 700 | 1 |
_aGudemann, Alfred, _d1862-1942 |
|
| 830 | 0 |
_aProject Gutenberg _v16880 |
|
| 856 | 4 | 0 | _uhttp://www.gutenberg.org/ebooks/16880 |
| 942 | _cEB | ||
| 999 |
_c246135 _d246135 |
||